000 01299nam a2200313 i 4500
001 bg
003 BPK
005 20220615105441.0
008 980702s1996 pl a f f |000 0 pol
015 _aPB 1996/8508
020 _a8386123443
040 _aWA N
_cBPK
080 _a621.74
080 _a(075.8)
100 1 _aWłodarski, Zdzisław.
245 1 0 _aĆwiczenia laboratoryjne z odlewnictwa /
_cZdzisław Włodarski, Piotr Lorbiecki, Krzysztof Radwan-Wiatrowski ; Wyższa Szkoła Inżynierska w Koszalinie.
260 _aKoszalin :
_bWydaw. Uczelniane WSI,
_c1996.
300 _a149 s. :
_b1 fot., rys., wykr. ;
_c24 cm.
504 _aBibliogr. przy ćw.
521 _aSkrypt Wydz. Mechanicznego do przedmiotu Odlewnictwo.
655 4 _aPodręczniki akademickie
650 4 _aOdlewnictwo
710 2 _aWydawnictwo Uczelniane (Wyższa Szkoła Inżynierska ; Koszalin)
_bWydawnictwo Uczelniane.
_4pbl.
700 1 _aRadwan-Wiatrowski, Krzysztof
_eAutor
700 1 _aLorbiecki, Piotr
_eAutor
856 _uhttp://dlibra.tu.koszalin.pl/dlibra/docmetadata?id=67&from=&dirids=1&ver_id=&lp=1&QI=
_yBiblioteka Cyfrowa
942 _2UKD
_cKS
856 _uhttp://koha.tu.koszalin.pl/cgi-bin/koha/opac-detail.pl?biblionumber=49230
_yKatalog online BPK
999 _c49230
_d49230